Mega Quiz geograficzny (Terytoria Świata) - Statystyki

Ogólne statystyki
  • Ten quiz został rozwiązany 27 razy
  • Średni wynik to 14 z 44
Statystyki odpowiedzi
Państwo Nazwa % Poprawnych
Dania Grenlandia
88%
Dania Wyspy Owcze
69%
Holandia Aruba
56%
WielkaBrytania Falklandy
56%
Francja Gujana Francuska
56%
USA Portoryko
56%
USA Samoa Amerykańskie
50%
WielkaBrytania Brytyjskie Wyspy Dziewicze
44%
Holandia Curaçao
44%
WielkaBrytania Gibraltar
44%
Francja Gwadelupa
44%
Chiny Hongkong
44%
Francja Martynika
44%
NowaZelandia Wyspy Cooka
44%
WielkaBrytania Anguilla
38%
WielkaBrytania Jersey
38%
Chiny Makau
38%
Usa Wyspy Dziewicze Stanów Zjednoczonych
38%
WielkaBrytania Bermudy
31%
Francja Majotta
31%
NowaZelandia Niue
31%
Francja Polinezja Francuska
31%
Francja Reunion
31%
Francja Saint Martin
31%
Australia Wyspa Bożego Narodzenia
31%
WielkaBrytania Wyspa Man
31%
Holandia Antyle Holenderskie
25%
USA Guam
25%
WielkaBrytania Guernsey
25%
USA Mariany Północne
25%
Holandia Sint Maarten
25%
Australia Wyspy Kokosowe
25%
WielkaBrytania Montserrat
19%
Francja Nowa Kaledonia
19%
WielkaBrytania Norfolk
13%
Francja Saint Barthélemy
13%
Francja Saint Pierre i Miquelon
13%
WielkaBrytania Turks i Caicos
13%
Australia Tasmania
6%
NowaZeladnia Tokelau
6%
Francja Wallis i Futuna
6%
WielkaBrytania Pitcairn
0%
Norwegia Svalbard i Jan Mayen
0%
WielkaBrytania Wyspa Świętej Heleny, Wyspa Wniebowstąpieniai i Tristan da Cunha
0%
Nie znaleziono quizów pasujących do podanych kryteriów
Rozkład punktacji
Procent ludzi z każdym wynikiem
Percentyl według liczby udzielonych odpowiedzi
Twoja historia wyników
Nie rozwiązałeś tego quizu